<?xml version="1.0" encoding="UTF-8"?><?xml-stylesheet type="text/xsl" href="static/style.xsl"?><OAI-PMH xmlns="http://www.openarchives.org/OAI/2.0/" xmlns:xsi="http://www.w3.org/2001/XMLSchema-instance" xsi:schemaLocation="http://www.openarchives.org/OAI/2.0/ http://www.openarchives.org/OAI/2.0/OAI-PMH.xsd"><responseDate>2026-07-03T23:18:29Z</responseDate><request verb="GetRecord" identifier="oai:docta.ucm.es:20.500.14352/108922" metadataPrefix="marc">https://docta.ucm.es/rest/oai/request</request><GetRecord><record><header><identifier>oai:docta.ucm.es:20.500.14352/108922</identifier><datestamp>2025-03-18T12:49:23Z</datestamp><setSpec>com_20.500.14352_14</setSpec><setSpec>col_20.500.14352_15</setSpec></header><metadata><record xmlns="http://www.loc.gov/MARC21/slim" xmlns:dcterms="http://purl.org/dc/terms/" xmlns:xsi="http://www.w3.org/2001/XMLSchema-instance" xmlns:doc="http://www.lyncode.com/xoai" xsi:schemaLocation="http://www.loc.gov/MARC21/slim http://www.loc.gov/standards/marcxml/schema/MARC21slim.xsd">
   <leader>00925njm 22002777a 4500</leader>
   <datafield ind2=" " ind1=" " tag="042">
      <subfield code="a">dc</subfield>
   </datafield>
   <datafield ind2=" " ind1=" " tag="720">
      <subfield code="a">Kitamura, Kei</subfield>
      <subfield code="e">author</subfield>
   </datafield>
   <datafield ind2=" " ind1=" " tag="720">
      <subfield code="a">Suzuki, Ryu</subfield>
      <subfield code="e">author</subfield>
   </datafield>
   <datafield ind2=" " ind1=" " tag="720">
      <subfield code="a">Ishizuka, Satoshi</subfield>
      <subfield code="e">author</subfield>
   </datafield>
   <datafield ind2=" " ind1=" " tag="720">
      <subfield code="a">Murakami, Gen</subfield>
      <subfield code="e">author</subfield>
   </datafield>
   <datafield ind2=" " ind1=" " tag="720">
      <subfield code="a">Rodríguez Vázquez, José Francisco</subfield>
      <subfield code="e">author</subfield>
   </datafield>
   <datafield ind2=" " ind1=" " tag="720">
      <subfield code="a">Yamamoto, Hitoshi</subfield>
      <subfield code="e">author</subfield>
   </datafield>
   <datafield ind2=" " ind1=" " tag="720">
      <subfield code="a">Abe, Shinichi</subfield>
      <subfield code="e">author</subfield>
   </datafield>
   <datafield ind2=" " ind1=" " tag="260">
      <subfield code="c">2024-06</subfield>
   </datafield>
   <datafield ind2=" " ind1=" " tag="520">
      <subfield code="a">Background: In adults, the intermediate tendon of digastricus muscle usually runs along the medial or lateral side of the stylohyoideus muscle insertion. To provide a better understanding of the variations, we examined the topographical anatomy of the muscle and tendon in fetuses.

Methods: We examined histological sections from six early-term, 26 mid-term and six near-term fetuses (approximately 8–9, 12–18 weeks and 25–33 weeks).

Results: At early-term, an initial sheath of intermediate tendon of digastricus muscle received the stylohyoideus muscle at the superior aspect. The muscle and tendon was distant from the hyoid. At mid-term, near the insertion to the hyoid greater horn, the stylohyoideus muscle consistently surrounded more than 2/3 of the intermediate tendon circumference. In contrast, we found no near-term specimen in which the stylohyoideus muscle surrounded the intermediate tendon. The multilayered tendon sheath was fully developed until near-term and connected to the body of hyoid by an intermuscular septum between the thyrohyoideus muscle and one or two of suprahyoid muscles. Therefore, the hyoid insertion of the styloglossus muscle was a transient morphology at mid-term.

Conclusion: The stylohyoideus muscle insertion was appeared to move from the tendon sheath to the hyoid greater horn and, until near-term, return to the tendon sheath. A fascia connecting the tendon sheath to the body of hyoid was strengthened by the suprahyoid and infrahyoid muscles. The latter muscles seemed to regulate fixation/relaxation of the intermediate tendon to the hyoid. The stylohyoideus muscle slips sandwiching the intermediate tendon might be a rare morphology.</subfield>
   </datafield>
   <datafield ind1="8" ind2=" " tag="024">
      <subfield code="a">Kitamura, K., Suzuki, R., Ishizuka, S., Murakami, G., Rodríguez-Vázquez, J. F., Yamamoto, H., &amp; Abe, S. I. (2024). Growing stylohyoideus muscle insertion to the hyoid bone with special reference to its topographical relation to the intermediate tendon of digastricus muscle: A histological study using human fetuses. Annals of anatomy = Anatomischer Anzeiger : official organ of the Anatomische Gesellschaft, 254, 152246. https://doi.org/10.1016/j.aanat.2024.152246</subfield>
   </datafield>
   <datafield ind1="8" ind2=" " tag="024">
      <subfield code="a">0940-9602</subfield>
   </datafield>
   <datafield ind1="8" ind2=" " tag="024">
      <subfield code="a">10.1016/j.aanat.2024.152246</subfield>
   </datafield>
   <datafield ind1="8" ind2=" " tag="024">
      <subfield code="a">https://hdl.handle.net/20.500.14352/108922</subfield>
   </datafield>
   <datafield ind1="8" ind2=" " tag="024">
      <subfield code="a">https://doi.org/10.1016/j.aanat.2024.152246</subfield>
   </datafield>
   <datafield ind1="8" ind2=" " tag="024">
      <subfield code="a">https://www.sciencedirect.com/science/article/pii/S0940960224000384?via%3Dihub</subfield>
   </datafield>
   <datafield ind2="0" ind1="0" tag="245">
      <subfield code="a">Growing stylohyoideus muscle insertion to the hyoid bone with special reference to its topographical relation to the intermediate tendon of digastricus muscle: A histological study using human fetuses</subfield>
   </datafield>
</record></metadata></record></GetRecord></OAI-PMH>